Регионална библиотека "Любен Каравелов" - Русе

Култура и етика (Запис номер 131461)

MARC детайли
000 -Лидер
Контролно поле с фиксирана дължина 02245nam a2200397 c 4500
003 - Код на организацията, давaща контролен номер
Контролно поле BLK
005 - Дата и час на последна редакция
Контролно поле 20240301113702.0
008 - Елементи от данни с фиксирана дължина
fixed length control field 180409b bul|||||r ||||||| ||bul||
010 ## - Наследен системен номер
LC control number KNG00137278000
040 ## - Източник на каталожния запис
Идентификатор на билиотеката - собственик на записа BLK
041 ## - Код за език
Код за езика на текст/звукозапис или на отделно заглавие Български
Код за езика КДБФ Български
080 ## - УДК
Текстов определител УДК Цивилизация. Култура. Прогрес. История на културата вж 930.85
УДК код - определител по УДК 008
УДК - код + определител 008
080 ## - УДК
Текстов определител УДК Етика. Учение за морала. Практическа философия. Вж и 37.034 ; 24
УДК код - определител по УДК 17
УДК - код + определител 17
100 1# - Редна дума - Автор
Автор Швайцер, Алберт
Авторска отговорност първи автор
R(LIN) 310261
139 ## - Редно поле
Редна дума Швайцер, Алберт
Авторски знак Шв - Ш 43
245 10 - Сведения за заглавието
Заглавие Култура и етика
Подзаглавни данни Избрани произведения
Редно поле (дума) Алберт Швайцер; състав. Атанас Василев Натев; прев. от нем. Венета Стоева Янкова; с предг. от Костадина Георгиева Йорданова.
257 ## - Страна на издаване
Страна на създаване/издаване Германия
260 ## - Област на издателските данни
Име на издателя, разпространителя и проч. Наука и изкуство
Година на издаване 1990
Печатница Плевен : Ал. Пъшев
300 ## - Физическа характеристика
Страници 516 с.
Размери/Мащаб 21 см
380 ## - Жанр
Жанр Общ отдел
490 1# - СЕРИИ (Колекции)
Име на серия Библиотека Теория и история на световната култура
500 ## - Общи забележки
Забележка 1 560 тир. - Съдържа и Основни дати от живота и дейността на Швайцер. - Именен показалец. - Упадък и възстановяване на културата ; Култура и етика ; Студии и статии по философия на културата ; Етиката и мирът между народите.
650 #4 - Допълнително описание по предмет – тема
Основно описание – тема или топоним Култура - теория
9 (RLIN) 246545
653 ## - Ключова дума – ненормативна
Ключова дума култура
653 ## - Ключова дума – ненормативна
Ключова дума етика
700 1# - Други автори (авторска отговорност)
Лично име Натев, Атанас Василев
Автороска отговорност (Описва отношението между автора и произведението) състав.
9 (RLIN) 374034
700 1# - Други автори (авторска отговорност)
Лично име Янкова, Венета Стоева
Автороска отговорност (Описва отношението между автора и произведението) прев. от нем.
9 (RLIN) 370656
700 1# - Други автори (авторска отговорност)
Лично име Йорданова, Костадина Георгиева
Автороска отговорност (Описва отношението между автора и произведението) с предг. от
9 (RLIN) 322729
852 ## - Местоположение
Форматна сигнатура Цб 162528
856 4# - Електронен адрес и достъп
Електронен формат pdf - файл
856 4# - Електронен адрес и достъп
Електронен формат pdf - файл
942 ## - АРТИКУЛИ
Вид на библиотечния материал Книги
Скрит в OPAC Не
Koha issues (borrowed), all copies 1
944 ## - СЪЗДАВАНЕ И РЕДАКЦИЯ на ЗАПИСА
Създаване/Редакция Създаване
Дата на регистрацията/редакция 13.12.2012
Статус, дата на статуса Ивелин Русев
Служител, извършил регистрацията/редакцията 30563
944 ## - СЪЗДАВАНЕ И РЕДАКЦИЯ на ЗАПИСА
Създаване/Редакция Редакция
Дата на регистрацията/редакция 13.12.2012
Статус, дата на статуса 13.12.2012 - от С1,Р / 13.12.2012
999 ## - СИСТЕМНИ КОНТРОЛНИ НОМЕРА
Koha biblionumber 131461
Koha biblioitemnumber 131461
999 ## - СИСТЕМНИ КОНТРОЛНИ НОМЕРА
Koha biblioitemnumber 131461
Наличности
Код за отписване Код за изгубен артикул Източник на класификационната схема Код за повреда Коз за рестрикции Код за отдаване Артикулен № Име на библиотеката - собственик Име на библиотеката, в която се намира в момента Статус (Текущо местоположение) Дата на вписване в системата Местоположение - отдел Цена в лева Инвентарен номер Систематично азбучна сигнатура Баркод Номер на екземпляра Цена в евро Служебна бележка Служебен тип на артикула
  Не е изгубен Universal Decimal Classification Не е повреден без рестрикции ползва се в читалня 214441 Регионална библиотека "Любен Каравелов" Русе Регионална библиотека "Любен Каравелов" Русе Хранилище 1990-01-01 Хранилище 4.70 532444 Цб 162528 120000532444 1 2.40 Дата: 01.01.1990 Книги
Изтеглен Не е изгубен Universal Decimal Classification Не е повреден без рестрикции заемане за дома 214442 Регионална библиотека "Любен Каравелов" Русе Регионална библиотека "Любен Каравелов" Русе Заемна - подръчен фонд 1990-01-01 Заемна - подръчен фонд 4.70 533942 П 008/Ш 43 533942 2 2.40 Дата: 01.01.1990 Дата инв: 01.02.2018 Бележки инв: П2018 Книги
Изтеглен Не е изгубен Universal Decimal Classification Не е повреден без рестрикции заемане за дома 214443 Регионална библиотека "Любен Каравелов" Русе Регионална библиотека "Любен Каравелов" Русе Заемна - подръчен фонд 1990-01-01 Заемна - подръчен фонд 4.70 533944 П 008/Ш 43 533944 3 2.40 Дата: 01.01.1990 Дата инв: 01.02.2018 Бележки инв: П2018 Книги
Vip Innovations Ltd, Rousse, Bulgaria 2025